[Event "Sachsen-Anhalt Verbandsliga 18/19"]
[Site "Sachsen Anhalt"]
[Date "2019.04.07"]
[Round "9.7"]
[White "Bethge, Johanna"]
[Black "Weber, Henry"]
[Result "1-0"]
[WhiteElo "1721"]
[BlackElo "1936"]
[PlyCount "83"]
[EventDate "2018.10.21"]
[EventType "team-tourn"]
[EventRounds "9"]
[EventCountry "GER"]
[SourceTitle "EXT 2022"]
[Source "ChessBase"]
[SourceDate "2021.10.06"]
[SourceVersion "1"]
[SourceVersionDate "2021.10.06"]
[SourceQuality "1"]
[WhiteTeam "Loeberitz II"]
[BlackTeam "Magdeburg USC"]
[WhiteTeamCountry "GER"]
[BlackTeamCountry "GER"]

1. e4 b6 2. d4 Bb7 3. Bd3 Nf6 4. f3 e6 5. Bg5 Be7 6. Nc3 d5 7. exd5 Nxd5 8. Bxe7 Qxe7 9. Nxd5 exd5+ 10. Qe2 Qxe2+ 11. Nxe2 Nd7 12. 0-0-0 0-0 13. Rhe1 Nf6 14. Nc3 c6 15. Re7 Bc8 16. Rc7 Bd7 17. Ba6 Rfd8 18. Bb7 Rab8 19. Bxc6 Bxc6 20. Rxc6 Rb7 21. Re1 Kf8 22. Nb5 Rbd7 23. Kd2 Ng8 24. Rc7 a6 25. Rxd7 Rxd7 26. Nc3 Ne7 27. Na4 Rb7 28. b3 Ke8 29. Nb2 Kd7 30. Nd3 f6 31. c3 a5 32. Nf4 Rc7 33. Ne6 Rc6 34. Nxg7 f5 35. Nh5 Rh6 36. g4 fxg4 37. fxg4 Kd6 38. Re5 Nc6 39. Rf5 Ke6 40. Nf4+ Kd6 41. Rxd5+ Kc7 42. Rh5 1-0

[Event "Sachsen-Anhalt Verbandsliga 18/19"]
[Site "Sachsen Anhalt"]
[Date "2019.04.06"]
[Round "8.7"]
[White "Dubbratz, Frank"]
[Black "Bethge, Johanna"]
[Result "1-0"]
[WhiteElo "1987"]
[BlackElo "1721"]
[PlyCount "55"]
[EventDate "2018.10.21"]
[EventType "team-tourn"]
[EventRounds "9"]
[EventCountry "GER"]
[SourceTitle "EXT 2022"]
[Source "ChessBase"]
[SourceDate "2021.10.06"]
[SourceVersion "1"]
[SourceVersionDate "2021.10.06"]
[SourceQuality "1"]
[WhiteTeam "Graefenhainichen"]
[BlackTeam "Loeberitz II"]
[WhiteTeamCountry "GER"]
[BlackTeamCountry "GER"]

1. f4 d5 2. Nf3 Nf6 3. e3 Bg4 4. d4 e6 5. Be2 c5 6. c3 Bd6 7. 0-0 0-0 8. Ne5 Bxe2 9. Qxe2 Qc7 10. Nd2 cxd4 11. exd4 Nc6 12. Rf3 Ne7 13. Nf1 Rfb8 14. Rh3 Ng6 15. Ng3 Nf8 16. Ng4 Qe7 17. Bd2 b5 18. Ne5 Rb7 19. Re1 Rc8 20. f5 b4 21. fxe6 Nxe6 22. Nf5 Qc7 23. Nxf7 Nf4 24. Bxf4 Bxf4 25. N7d6 Bxd6 26. Qe6+ Kf8 27. Nxd6 Rcb8 28. Rxh7 1-0

[Event "GER-chT Federal Cup (Women)"]
[Site "Braunfels"]
[Date "2017.06.17"]
[Round "4.8"]
[White "Stockdreher, Diana"]
[Black "Bethge, Johanna"]
[Result "0-1"]
[WhiteElo "1435"]
[BlackElo "1668"]
[PlyCount "112"]
[EventDate "2017.06.15"]
[EventType "team-swiss"]
[EventRounds "5"]
[EventCountry "GER"]
[SourceTitle "CBM 179 Extra"]
[Source "ChessBase"]
[SourceDate "2017.08.23"]
[SourceVersion "1"]
[SourceVersionDate "2017.08.23"]
[SourceQuality "1"]
[WhiteTeam "Sachsen (W)"]
[BlackTeam "Thueringen (W)"]
[WhiteTeamCountry "GER"]
[BlackTeamCountry "GER"]

1. e4 c5 2. Nf3 d6 3. c3 Nf6 4. Bb5+ Bd7 5. Bxd7+ Nbxd7 6. d3 e6 7. 0-0 Qc7 8. Bf4 Be7 9. Nbd2 e5 10. Bg3 Nh5 11. h3 Nxg3 12. fxg3 0-0 13. Nh2 Nf6 14. Rf2 Qd7 15. c4 a6 16. Ndf1 Rae8 17. Ne3 Bd8 18. Kh1 Re6 19. Qe2 g6 20. Raf1 Kg7 21. g4 Ng8 22. Nf3 h6 23. Nd5 Be7 24. g3 Qd8 25. h4 Nf6 26. Nxf6 Bxf6 27. Kg2 Qd7 28. g5 hxg5 29. hxg5 Bd8 30. Rh1 Ree8 31. Rh4 Rh8 32. Nh2 Bxg5 33. Rxh8 Rxh8 34. Qg4 Qd8 35. Qf3 Qe7 36. Ng4 Qe6 37. b3 Bd8 38. a4 Bg5 39. Rf1 Rb8 40. Rf2 b5 41. axb5 axb5 42. Ne3 Bxe3 43. Qxe3 Rh8 44. Kf1 Rh1+ 45. Ke2 Rb1 46. Qf3 Rxb3 47. cxb5 Rxb5 48. Ke3 c4 49. Rd2 Rb3 50. Qd1 d5 51. Kf2 Rxd3 52. Rxd3 cxd3 53. Qxd3 dxe4 54. Qxe4 Qf5+ 55. Qxf5 gxf5 56. Kf3 Kg6 0-1

[Event "GER-chT Federal Cup (Women)"]
[Site "Braunfels"]
[Date "2017.06.16"]
[Round "2.8"]
[White "Bethge, Johanna"]
[Black "Holschuh, Paulina"]
[Result "1-0"]
[WhiteElo "1668"]
[BlackElo "1228"]
[PlyCount "61"]
[EventDate "2017.06.15"]
[EventType "team-swiss"]
[EventRounds "5"]
[EventCountry "GER"]
[SourceTitle "CBM 179 Extra"]
[Source "ChessBase"]
[SourceDate "2017.08.23"]
[SourceVersion "1"]
[SourceVersionDate "2017.08.23"]
[SourceQuality "1"]
[WhiteTeam "Thueringen (W)"]
[BlackTeam "Saarland (W)"]
[WhiteTeamCountry "GER"]
[BlackTeamCountry "GER"]

1. e4 e5 2. Nf3 Nc6 3. Bc4 Bc5 4. 0-0 d6 5. c3 Bg4 6. h3 Bh5 7. d3 Qd7 8. Nbd2 0-0-0 9. b4 Bb6 10. a4 a5 11. Bb5 Nf6 12. Nc4 d5 13. Ncxe5 Qd6 14. Bxc6 bxc6 15. Ba3 Qe6 16. Qb3 dxe4 17. Qxe6+ fxe6 18. dxe4 Nxe4 19. Rac1 c5 20. bxa5 Bxa5 21. Nc6 Nxc3 22. Kh1 Bb4 23. Nxd8 Rxd8 24. Bb2 Nxa4 25. Bxg7 Bxf3 26. gxf3 Rd3 27. Kg2 Bc3 28. Bxc3 Nxc3 29. Rfe1 Kd7 30. Re3 Rxe3 31. fxe3 1-0

[Event "GER-chT U20 Girls"]
[Site "Naunhof"]
[Date "2005.12.28"]
[Round "3.2"]
[White "Bethge, Johanna"]
[Black "Gahn, Cornelia"]
[Result "0-1"]
[WhiteElo "1482"]
[BlackElo "1470"]
[PlyCount "36"]
[EventDate "2005.12.27"]
[EventType "team-swiss"]
[EventRounds "7"]
[EventCountry "GER"]
[SourceTitle "CBM 110 Extra"]
[Source "ChessBase"]
[SourceDate "2006.03.10"]
[SourceVersion "2"]
[SourceVersionDate "2006.03.10"]
[SourceQuality "1"]

1. e4 d5 2. exd5 Qxd5 3. Nc3 Qa5 4. d4 c6 5. Bc4 Bf5 6. Nf3 Nf6 7. Bd2 e6 8. Qe2 Bb4 9. 0-0-0 Nbd7 10. a3 Bf8 11. Nh4 Bg6 12. Nxg6 hxg6 13. Ne4 Qh5 14. f3 Nxe4 15. Qxe4 Nf6 16. Qe1 0-0-0 17. Ba5 Re8 18. Rd2 Qxa5 0-1

[Event "GER-chT U20 Girls"]
[Site "Naunhof"]
[Date "2005.12.27"]
[Round "2.2"]
[White "Aulbert, Julia"]
[Black "Bethge, Johanna"]
[Result "1-0"]
[WhiteElo "1351"]
[BlackElo "1482"]
[PlyCount "45"]
[EventDate "2005.12.27"]
[EventType "team-swiss"]
[EventRounds "7"]
[EventCountry "GER"]
[SourceTitle "CBM 110 Extra"]
[Source "ChessBase"]
[SourceDate "2006.03.10"]
[SourceVersion "2"]
[SourceVersionDate "2006.03.10"]
[SourceQuality "1"]

1. e4 c5 2. Nf3 d6 3. d4 cxd4 4. Nxd4 Nf6 5. Nc3 a6 6. a4 Nc6 7. Be3 Qc7 8. Be2 e6 9. Qd2 Bd7 10. f4 Rc8 11. 0-0 Be7 12. Rac1 Na5 13. Rb1 Nc4 14. Qd3 Nxb2 15. Rxb2 Qxc3 16. Rxb7 Qxd3 17. cxd3 Bxa4 18. Ra1 Bd7 19. Rxa6 e5 20. Nb5 Bxb5 21. Rxb5 0-0 22. fxe5 Rfd8 23. exf6 1-0

[Event "GER-chT U20"]
[Site "Cologne"]
[Date "2004.12.28"]
[Round "3.6"]
[White "Balkan, Levent"]
[Black "Bethge, Johanna"]
[Result "0-1"]
[WhiteElo "1041"]
[BlackElo "1264"]
[PlyCount "120"]
[EventDate "2004.12.27"]
[EventType "team"]
[EventRounds "7"]
[EventCountry "GER"]
[SourceTitle "CBM 104 Extra"]
[Source "ChessBase"]
[SourceDate "2005.03.01"]
[SourceVersion "1"]
[SourceVersionDate "2005.03.01"]
[SourceQuality "1"]
[WhiteTeam "Heilbronn (U20)"]
[BlackTeam "Erfurt Empor (U20)"]
[WhiteTeamCountry "GER"]
[BlackTeamCountry "GER"]

1. e4 c5 2. c4 d6 3. Nc3 Nc6 4. d3 g6 5. Nf3 Bg7 6. Be3 Nd4 7. Nxd4 cxd4 8. Bxd4 Bxd4 9. Nd5 e6 10. Nf4 Qa5+ 11. Ke2 Bxb2 12. Rb1 Be5 13. Kf3 Bxf4 14. Kxf4 Qxa2 15. Kf3 b6 16. d4 Qa6 17. d5 Qa3+ 18. Ke2 Ba6 19. Kd2 Qa5+ 20. Kc1 Qc3+ 21. Qc2 Qxc2+ 22. Kxc2 e5 23. Bd3 Nf6 24. g3 Nd7 25. Rhf1 Rc8 26. Kc3 Rc7 27. Ra1 Bc8 28. f4 f6 29. Ra2 Ke7 30. Rfa1 a6 31. Rb1 Nc5 32. Bc2 Nd7 33. Bd3 Kf7 34. Kd2 a5 35. Ke3 Ba6 36. Rc1 Rhc8 37. Rac2 b5 38. cxb5 Rxc2 39. Rxc2 Rxc2 40. Bxc2 Bxb5 41. h4 Nc5 42. f5 gxf5 43. exf5 a4 44. Kd2 Kg7 45. Kc1 Kh6 46. g4 Be2 47. g5+ fxg5 48. f6 g4 49. h5 Nd7 50. f7 Kxh5 51. Bxa4 Nf8 52. Bd1 Bxd1 53. Kxd1 Kg5 54. Ke2 h5 55. Kf2 Kf4 56. Kg2 h4 57. Kf2 Ke4 58. Ke2 Kxd5 59. Kf2 e4 60. Kg2 h3+ 0-1

[Event "GER-chT U20"]
[Site "Cologne"]
[Date "2004.12.27"]
[Round "2.6"]
[White "Bethge, Johanna"]
[Black "Hartert, Felix"]
[Result "0-1"]
[WhiteElo "1264"]
[BlackElo "1428"]
[PlyCount "134"]
[EventDate "2004.12.27"]
[EventType "team"]
[EventRounds "7"]
[EventCountry "GER"]
[SourceTitle "CBM 104 Extra"]
[Source "ChessBase"]
[SourceDate "2005.03.01"]
[SourceVersion "1"]
[SourceVersionDate "2005.03.01"]
[SourceQuality "1"]
[WhiteTeam "Erfurt Empor (U20)"]
[BlackTeam "Biebertal (U20)"]
[WhiteTeamCountry "GER"]
[BlackTeamCountry "GER"]

1. e4 c5 2. Nf3 Nc6 3. d4 cxd4 4. Nxd4 g6 5. c4 Bg7 6. Be3 e6 7. Nc3 Nge7 8. Be2 d5 9. cxd5 exd5 10. Bb5 0-0 11. exd5 Nb4 12. Qd2 Nbxd5 13. Nxd5 Qxd5 14. Bf1 Rd8 15. Rd1 Qxa2 16. Qb4 Nd5 17. Qc5 Qxb2 18. Nc2 Qc3+ 19. Qxc3 Bxc3+ 20. Ke2 Ba5 21. Rd3 Bf5 22. Ra3 Bc7 23. Nd4 Nxe3 24. Kxe3 Re8+ 25. Kd2 Rad8 26. Kc3 Be5 27. Ra4 b5 28. Bxb5 Rc8+ 29. Rc4 Bxd4+ 30. Kxd4 Red8+ 31. Ke5 Rxc4 32. Bxc4 Rd2 33. Rf1 Bd3 34. Bxd3 Rxd3 35. Ke4 Ra3 36. Rd1 Ra2 37. Rd8+ Kg7 38. Ke3 a5 39. f4 a4 40. Kf3 a3 41. Ra8 Ra1 42. h3 a2 43. Kf2 h6 44. Ra6 h5 45. Kg3 Kh6 46. Kf2 h4 47. Ra5 f6 48. Ra7 f5 49. Ra4 Kg7 50. Ra6 Kf7 51. Ra4 Ke7 52. Ra6 Kd7 53. Ra3 Kc6 54. Ra5 Kb6 55. Ra8 Kb5 56. Ra7 Kc4 57. Ra3 Kb4 58. Ra8 Kb3 59. Ra7 Rb1 60. Rb7+ Kc2 61. Rc7+ Kb2 62. Rb7+ Ka1 63. Rd7 Rb2+ 64. Kf1 Kb1 65. Rd1+ Kc2 66. Ra1 Rb1+ 67. Rxb1 axb1Q+ 0-1

[Event "GER-chT U14 Girls"]
[Site "Greifswald"]
[Date "2003.12.29"]
[Round "5.2"]
[White "Bethge, Johanna"]
[Black "Wolf, Carolin"]
[Result "0-1"]
[WhiteElo "1094"]
[BlackElo "1221"]
[PlyCount "114"]
[EventDate "2003.12.27"]
[EventType "team-swiss"]
[EventRounds "7"]
[EventCountry "GER"]
[SourceTitle "EXT 2022"]
[Source "ChessBase"]
[SourceDate "2021.10.06"]
[SourceVersion "1"]
[SourceVersionDate "2021.10.06"]
[SourceQuality "1"]
[WhiteTeam "Erfurt Empor U14 Girls"]
[BlackTeam "Ruedersdorf Glueckauf U14 Girls"]
[WhiteTeamCountry "GER"]
[BlackTeamCountry "GER"]

1. e4 d5 2. exd5 Nf6 3. d4 Nxd5 4. Nf3 g6 5. Be3 Nxe3 6. fxe3 Bg7 7. Nc3 0-0 8. Bd3 Nd7 9. 0-0 e6 10. e4 c5 11. Be2 cxd4 12. Nxd4 Qb6 13. Kh1 Qxd4 14. Qc1 Qb6 15. a4 Qd8 16. Rf3 b6 17. Ra3 Bb7 18. Rd3 Qe7 19. Re3 Bh6 20. Nb5 Bxe3 21. Qxe3 Qc5 22. Qxc5 Nxc5 23. Nd6 Bxe4 24. Nxe4 Nxe4 25. Bf3 Rad8 26. h3 Nc5 27. a5 Rd2 28. axb6 axb6 29. Rc3 Rfd8 30. Kg1 Nd7 31. b4 Ne5 32. b5 Nxf3+ 33. gxf3 Rd1+ 34. Kf2 Rb1 35. Ke3 Rxb5 36. Rc6 Rdd5 37. Kf4 Rdc5 38. Rxc5 Rxc5 39. h4 Kg7 40. Ke4 Kf6 41. Kd3 Ke5 42. c4 b5 43. cxb5 Rxb5 44. Ke3 Rb3+ 45. Kf2 Kf4 46. Kg2 Rxf3 47. Kh2 Ra3 48. h5 gxh5 49. Kg2 Rb3 50. Kf2 Rb2+ 51. Ke1 Ke3 52. Kd1 Kd3 53. Ke1 Ra2 54. Kf1 Ke3 55. Kg1 Kf3 56. Kh1 Kg3 57. Kg1 Ra1# 0-1

[Event "GER-chT U14 Girls"]
[Site "Greifswald"]
[Date "2003.12.27"]
[Round "2.2"]
[White "Reinsdorf, Christin"]
[Black "Bethge, Johanna"]
[Result "1-0"]
[WhiteElo "1282"]
[BlackElo "1094"]
[PlyCount "21"]
[EventDate "2003.12.27"]
[EventType "team-swiss"]
[EventRounds "7"]
[EventCountry "GER"]
[SourceTitle "EXT 2022"]
[Source "ChessBase"]
[SourceDate "2021.10.06"]
[SourceVersion "1"]
[SourceVersionDate "2021.10.06"]
[SourceQuality "1"]
[WhiteTeam "Delitzsch ESV U14 Girls"]
[BlackTeam "Erfurt Empor U14 Girls"]
[WhiteTeamCountry "GER"]
[BlackTeamCountry "GER"]

1. e4 e5 2. Nf3 Nc6 3. Nc3 Nf6 4. d4 exd4 5. Nd5 Be7 6. Nxf6+ Bxf6 7. Bd3 d5 8. 0-0 0-0 9. Re1 Re8 10. exd5 Qxd5 11. Rxe8# 1-0